Food grain Production and Irrigation India Vol.1 (Record no. 14112)
[ view plain ]
| 000 -LEADER | |
|---|---|
| fixed length control field | 00362nam a22001337a 4500 |
| 020 ## - INTERNATIONAL STANDARD BOOK NUMBER | |
| ISBN | 9789381759 |
| 082 ## - DEWEY DECIMAL CLASSIFICATION NUMBER | |
| Classification number | 631.8 |
| Item number | PRA/FO |
| 100 ## - MAIN ENTRY--AUTHOR NAME | |
| Personal name | Prasad, Kamta |
| 245 ## - TITLE STATEMENT | |
| Title | Food grain Production and Irrigation India Vol.1 |
| 260 ## - PUBLICATION, DISTRIBUTION, ETC. (IMPRINT) | |
| Place of publication | New Delhi |
| Name of publisher | Arise publishers Distributors |
| Year of publication | 2012 |
| 300 ## - PHYSICAL DESCRIPTION | |
| Number of Pages | 269 |
| 650 ## - SUBJECT ADDED ENTRY--TOPICAL TERM | |
| Topical Term | Food grain production |
| 942 ## - ADDED ENTRY ELEMENTS (KOHA) | |
| Koha item type | Books |
| Withdrawn status | Lost status | Damaged status | Collection code | Home library | Current library | Shelving location | Date acquired | Source of acquisition | Cost, normal purchase price | Full call number | Accession Number | Koha item type |
|---|---|---|---|---|---|---|---|---|---|---|---|---|
| KAUAET | KAUAET | General Stacks | 08/12/2014 | Southern Book Star | 0.00 | 631.8 PRA/FO | 24536 | Books | ||||
| KAUAET | KAUAET | General Stacks | 08/12/2014 | Southern Book Star | 0.00 | 631.8 PRA/FO | 24534 | Books | ||||
| KAUAET | KAUAET | General Stacks | 08/12/2014 | Southern Book Star | 0.00 | 631.8 PRA/FO | 24535 | Books |
